[Event "Kaluga Tsiolkovsky Memorial op"]
[Site "Kaluga"]
[Date "2014.08.03"]
[Round "2"]
[White "Nazarov, Ilya"]
[Black "Denisov, Nikolay Dmitry"]
[Result "1-0"]
[WhiteElo "2030"]
[BlackElo "1965"]
[PlyCount "79"]
[EventDate "2014.08.02"]
[EventType "swiss"]
[EventRounds "8"]
[EventCountry "RUS"]
[SourceTitle "EXT 2023"]
[Source "ChessBase"]
[SourceDate "2022.10.05"]
[SourceVersion "1"]
[SourceVersionDate "2022.10.05"]
[SourceQuality "1"]

1. b4 b6 2. Bb2 Bb7 3. e3 d6 4. f4 Nd7 5. Nf3 Ngf6 6. Be2 g6 7. 0-0 Bg7 8. c4 0-0 9. Nc3 c5 10. b5 Ne4 11. Qc2 Nxc3 12. Bxc3 Nf6 13. a4 d5 14. d4 cxd4 15. Bxd4 Rc8 16. Qb3 dxc4 17. Bxc4 Bd5 18. Bxd5 Qxd5 19. Qb2 Rfd8 20. a5 Rc5 21. Bxc5 Qxc5 22. Qe5 Nd5 23. Rac1 Qxb5 24. Qe4 Qxa5 25. Ne5 Nc3 26. Qc4 Bxe5 27. fxe5 Nd5 28. e4 b5 29. Qb3 Qb6+ 30. Kh1 Qe3 31. Qc2 Nb6 32. Rce1 Qg5 33. Qc7 Rd2 34. Rg1 Nc4 35. e6 fxe6 36. Qc8+ Kg7 37. Ref1 Kh6 38. Qf8+ Kh5 39. Rf3 Qc5 40. g4+ 1-0